Sports Quiz

Random Sports or NBA Quiz
Score 0/30 Timer 02:00
0 Plays Today
Rank Answer % Correct
1Michael Jordan
99.3%
2*LeBron James
98.9%
10*Kobe Bryant
96.5%
4*Tim Duncan
95%
3Magic Johnson
94.8%
9Shaquille O'neal
94.1%
5Kareem Abdul-Jabbar
93.2%
7Larry Bird
93.2%
6Bill Russell
92.8%
8Wilt Chamberlain
91.2%
14Karl Malone
86.1%
16Moses Malone
85.8%
11Hakeem Olajuwon
82%
13Jerry West
80.6%
12Oscar Robertson
79.5%
Rank Answer % Correct
18*Kevin Garnett
79.5%
21*Dirk Nowitzki
77.9%
23*Dwyane Wade
76.8%
15Julius Erving
76.4%
19Charles Barkley
74.8%
25John Stockton
73.5%
27Allen Iverson
72.7%
30David Robinson
70.2%
17Elgin Baylor
69.2%
22Scottie Pippen
68.2%
20Isiah Thomas
66.7%
29*Steve Nash
63.2%
26Bob Cousy
57.3%
24John Havlicek
56.4%
28Bob Pettit
45.7%
Remove Ads.
Support Sporcle.
Get the best of Sporcle when you Go Orange. This ad-free experience offers more features, more stats, and more fun while also helping to support Sporcle. Thank you for becoming a member.

You're not logged in!

Compare scores with friends on all Sporcle quizzes.
OR
Log In

Show Comments

Extras

Top Quizzes Today


Score Distribution

Your Account Isn't Verified!

In order to create a playlist on Sporcle, you need to verify the email address you used during registration. Go to your Sporcle Settings to finish the process.

Report this User

Report this user for behavior that violates our Community Guidelines.

Details: